ARRUPE JESUIT UNIVERSITY

CORONAVIRUS -STOP THE SPREAD - CLEAN,DISINFECT,COVER

Una vita per gli altri. (Record no. 128424)

MARC details
000 -LEADER
fixed length control field 00614nam a2200193u 4500
001 - CONTROL NUMBER
control field 10418632
003 - CONTROL NUMBER IDENTIFIER
control field ARRUPE
005 - DATE AND TIME OF LATEST TRANSACTION
control field 20181023101344.0
008 - FIXED-LENGTH DATA ELEMENTS--GENERAL INFORMATION
fixed length control field 840926s1970 xx f 000 0 ita
010 ## - LIBRARY OF CONGRESS CONTROL NUMBER
LC control number 74331172
040 ## - CATALOGING SOURCE
Original cataloging agency DLC
Transcribing agency CarP
Modifying agency DLC
050 00 - LIBRARY OF CONGRESS CALL NUMBER
Classification number DT961.985
Item number A848
300 ## - PHYSICAL DESCRIPTION
Dimensions 21 cm.
100 1# - MAIN ENTRY--PERSONAL NAME
Personal name Associazione femminile medico-missionaria
9 (RLIN) 43064
245 14 - TITLE STATEMENT
Title Una vita per gli altri.
Statement of responsibility, etc Associazione femminile medico-missionaria
260 ## - PUBLICATION, DISTRIBUTION, ETC. (IMPRINT)
Place of publication, distribution, etc Milano,
Name of publisher, distributor, etc San Paolo,
Date of publication, distribution, etc 2004
300 ## - PHYSICAL DESCRIPTION
Extent 120 p.
440 ## - SERIES STATEMENT/ADDED ENTRY--TITLE
Title Testimoni del nostro tempo
Number of part/section of a work 41
9 (RLIN) 43065
600 ## - SUBJECT ADDED ENTRY--PERSONAL NAME
Personal name Guidotti, Luisa
9 (RLIN) 43066
906 ## - LOCAL DATA ELEMENT F, LDF (RLIN)
a 0
b cbc
c premunv
d u
e ncip
f 19
g y-gencatlg
942 ## - ADDED ENTRY ELEMENTS (KOHA)
Source of classification or shelving scheme Library of Congress Classification
Koha item type Monograph ( Printed materials)
Holdings
Withdrawn status Lost status Source of classification or shelving scheme Damaged status Not for loan Collection code Home library Current library Shelving location Date acquired Total Checkouts Full call number Barcode Date last seen Price effective from Koha item type
    Library of Congress Classification     Main Collection ARRUPE LIBRARY ARRUPE LIBRARY Main Collection 23/10/2018   DT961.985 A848 46600002971 23/10/2018 23/10/2018 Monograph ( Printed materials)

 

Arrupe Library. PO Box MP320 Mt Pleasant, Harare, Zimbabwe
263 242 745411|librarian@aju.ac.zw